The earliest ships: the evolution of boats into ships

Sparad:
Bibliografiska uppgifter
Huvudupphovsman: Gardiner, Robert (Författare, medförfattare)
Materialtyp: Bok
Språk:engelska
Publicerad: Annapolis Naval Institute 1996
Serie:Conway's history of the ship
Ämnen:
Taggar: Lägg till en tagg
Inga taggar, Lägg till första taggen!

MARC

LEADER 00000nam a2200000 a 4500
001 UCK4861
003 CL-VaPUC
008 050624e19960000us |||||||||||||||||eng|d
020 |a 1557502013 
082 0 4 |a 623.829  |b GAR  |2 21 
100 0 |a Gardiner, Robert  |e author  |9 493504 
245 1 4 |a The earliest ships: the evolution of boats into ships 
300 |a 143 p 
942 |c BK 
945 |d 20050624 00:00:00  |a jcarroza 
260 |a Annapolis  |b Naval Institute  |c 1996 
650 0 |a Botes  |9 324431 
650 0 |a Diseño de naves  |9 493505 
650 0 |a Historia naval  |9 268284 
650 7 |a CONSTRUCCION NAVAL  |2 CL-VaPUC  |9 260853 
651 7 |a MAR MEDITERRANEO  |2 CL-VaPUC  |9 406306 
651 0 |a Europa  |9 255156 
583 |a last modification  |c 20171127 05:21:32  |k Rodrigo Vera 
490 0 |a Conway's history of the ship 
999 |c 313601  |d 313599 
952 |0 0  |1 0  |4 0  |6 623_829000000000000_GAR_1996  |7 0  |8 A  |9 385027  |a BIBARQ  |b BIBARQ  |d 2019-11-22  |i 4140508  |o 623.829 GAR 1996  |p 4140508  |r 2025-01-20  |w 2019-11-22  |y BK  |k ARQ